| 000 | 01145nam0a2200289 4500 | ||
|---|---|---|---|
| 001 | RU\NLR\b_ik\198007 | ||
| 005 | 20250616231332.0 | ||
| 010 |
_a978-5-9925-0475-0 _93000 |
||
| 035 | _a(NLR Aleph) 002270388 | ||
| 090 |
_a3942218 _c3942218 |
||
| 100 | _a20121024d2012 |||y0rusy50 ca | ||
| 101 | 0 |
_aeng _arus |
|
| 102 | _aRU | ||
| 105 | _ay ||||||||| | ||
| 200 | 1 |
_aFahrenheit 451 _e[книга для чтения на английском языке] _fRay Bradbury _gкоммент. и слов. Е.Г. Тигонен |
|
| 210 |
_aСанкт-Петербург _cКАРО _d2012 |
||
| 215 |
_a220, [2] с. _d16 |
||
| 225 | 1 |
_aEnglish _iModern prose |
|
| 300 | _aВ вып. дан.: 451 градус по Фаренгейту / Рэй Дуглас Бредбери | ||
| 517 | 0 | _a451 градус по Фаренгейту | |
| 606 | 1 |
_aАнглийский язык _jКниги для чтения _9972309 _3RU\NLR\AUTH\6646032 |
|
| 686 | 1 | _aШ143.21-93рус91 | |
| 700 | 1 |
_4070 _7ba _8eng _aBradbury _bR. _f1920-2012 _gRay _9144542 _3RU\NLR\AUTH\770144578 |
|
| 801 | 0 |
_aRU _bNLR _c20121024 _gRCR |
|
| 942 | _cBOOK | ||
| 980 | _aNB | ||